000 00697nam a2200289Ia 4500
005 20260324114550.0
008 008 260324s9999 xx 000 0 eng d
020 _a9781003267768
037 _aEBOOK
040 _aCRL
040 _beng
040 _cCRL
041 _2eng
041 _aeng
084 _qCRL
100 _aBrent R. Allen; April A. Bosworth
_91151282
245 0 _aSystems Design
245 0 _bBuilding Systems that Drive Ideal Behavior
260 _bTaylor and Francis
260 _c2022
365 _a
365 _b70.99
856 _uhttp://www.taylorfrancis.com/books/9781003267768
942 _cEBOOK
999 _c1741537
_d1741537